| 000 | 01941nam a22002777a 4500 | ||
|---|---|---|---|
| 999 |
_c63561 _d63561 |
||
| 003 | Ge_BSU | ||
| 005 | 20251030154028.0 | ||
| 008 | 251030s2006 ge ||||| |||| 00| 0 geo d | ||
| 020 | _a9994087894 | ||
| 041 | _ageo | ||
| 080 | _a331.5(075.8) რ-72 | ||
| 100 |
_aძოძუაშვილი, მაია _926134 |
||
| 245 |
_aროგორ დავსაქმდეთ? / _cსახელმძღვანელოს შემუშავებაზე მუშაობდნენ: მაია ძოძუაშვილი, კახა გვანცელაძე, სეთ ლანდაუ [და სხვა] ; საქართველოს ახალგაზრდა ეკონომისტთა ასოციაციის იმერეთის ფილიალი, იმერეთის ახალგაზრდობის კავშირი. |
||
| 264 |
_aქუთაისი, _c2006. |
||
| 300 |
_a144 გვ. : _bცხრ. ; _c20 სმ. |
||
| 490 | _aპროფესიონალური სამყარო | ||
| 653 | _aდასაქმება | ||
| 700 |
_aგვანცელაძე, კახა _eავტორი _926135 |
||
| 700 |
_aლანდაუ, სეთ _eავტორი _926136 |
||
| 700 |
_aკლდიაშვილი, პაატა _eავტორი _926137 |
||
| 700 |
_aოყრეშიძე, ლევან _eავტორი _926138 |
||
| 700 |
_aმონიო, ემო _eავტორი _926139 |
||
| 700 |
_aჰოდემენ, ლისა _e ავტორი _926140 |
||
| 710 |
_aსაქართველოს ახალგაზრდა ეკონომისტთა ასოციაციის იმერეთის ფილიალი. _b იმერეთის ახალგაზრდობის კავშირი _926141 |
||
| 942 |
_2udc _cᲬᲘᲒᲜᲘ |
||